The law of housing

Bibliographic Details
Main Author: West, W. A.
Other Authors: Davies, Keith
Format: Book
Published: London : Estate Gazette , 1974
Edition:3rd ed.
Subjects:

MARC

LEADER 00000cam a2200000 7i4500
001 0000009087
005 20161103.0
040 |a INS 
090 0 0 |a KG1179   |b W48 1974 
100 0 |a West, W. A. 
245 1 4 |a The law of housing   |c by W. A. West and Keith Davies 
250 |a 3rd ed. 
260 |a London :   |b Estate Gazette ,   |c 1974 
300 |a 316p ;   |c 24cm. 
650 0 0 |a Housing   |x Law and legislation   |z Great Britain 
700 1 |a Davies, Keith 
999 |a 0000024179   |b BOOK   |c Open Shelf   |e Default branch